<?xml version="1.0" encoding="UTF-8"?><?xml-stylesheet type="text/xsl" href="static/style.xsl"?><OAI-PMH xmlns="http://www.openarchives.org/OAI/2.0/" xmlns:xsi="http://www.w3.org/2001/XMLSchema-instance" xsi:schemaLocation="http://www.openarchives.org/OAI/2.0/ http://www.openarchives.org/OAI/2.0/OAI-PMH.xsd"><responseDate>2026-04-17T20:13:05Z</responseDate><request verb="GetRecord" identifier="oai:www.recercat.cat:20.500.12328/1178" metadataPrefix="marc">https://recercat.cat/oai/request</request><GetRecord><record><header><identifier>oai:recercat.cat:20.500.12328/1178</identifier><datestamp>2025-05-19T13:58:36Z</datestamp><setSpec>com_2072_67741</setSpec><setSpec>col_2072_484354</setSpec></header><metadata><record xmlns="http://www.loc.gov/MARC21/slim" xmlns:dcterms="http://purl.org/dc/terms/" xmlns:xsi="http://www.w3.org/2001/XMLSchema-instance" xmlns:doc="http://www.lyncode.com/xoai" xsi:schemaLocation="http://www.loc.gov/MARC21/slim http://www.loc.gov/standards/marcxml/schema/MARC21slim.xsd">
   <leader>00925njm 22002777a 4500</leader>
   <datafield ind2=" " ind1=" " tag="042">
      <subfield code="a">dc</subfield>
   </datafield>
   <datafield ind2=" " ind1=" " tag="720">
      <subfield code="a">Rey Peña, Carlos</subfield>
      <subfield code="e">author</subfield>
   </datafield>
   <datafield ind2=" " ind1=" " tag="720">
      <subfield code="a">Bastons Prat, Miquel</subfield>
      <subfield code="e">author</subfield>
   </datafield>
   <datafield ind2=" " ind1=" " tag="260">
      <subfield code="c">2016-09</subfield>
   </datafield>
   <datafield ind2=" " ind1=" " tag="520">
      <subfield code="a">Several authors have shown that there is a certain “gap” in mission theory,&#xd;
which in practice explains the lack of actual effectiveness in mission&#xd;
implementation. In many cases, this loss is due to members of the organization&#xd;
being insufficiently motivated by the mission. This conceptual article aims to&#xd;
bridge the gap by analysing the relationship between the mission of a company&#xd;
and its members’ motivation. It entails an extension of mission and motivation&#xd;
theory, in which three dimensions of mission development are analysed: formal,&#xd;
operational and motivational. At the same time, the role of prosocial motivation&#xd;
in effective mission development is highlighted, as, other than extrinsic and&#xd;
extrinsic motivation, it is oriented to satisfying the needs of others. In addition&#xd;
to identifying the various dimensions of mission implementation, the&#xd;
relationship and the possible forms of coherence and incoherence between&#xd;
them is analysed, which explain the success or failure of the effective&#xd;
implementation of corporate missions.</subfield>
   </datafield>
   <datafield ind1="8" ind2=" " tag="024">
      <subfield code="a">Rey Peña, Carlos; Bastons, Miquel. «Effective mission implementation: the three dimensions of the mission». Proceedings of the II Research Workshop: Missions, leadership and sustainability. UIC, Barcelona: OmniaScience, 2016, p. 63-82. ISBN: 978-84- 944673-8-7</subfield>
   </datafield>
   <datafield ind1="8" ind2=" " tag="024">
      <subfield code="a">978-84-944673-8-7</subfield>
   </datafield>
   <datafield ind1="8" ind2=" " tag="024">
      <subfield code="a">http://hdl.handle.net/20.500.12328/1178</subfield>
   </datafield>
   <datafield ind1="8" ind2=" " tag="024">
      <subfield code="a">https://doi.org/10.3926/IIRW16</subfield>
   </datafield>
   <datafield tag="653" ind2=" " ind1=" ">
      <subfield code="a">Personal--Motivació</subfield>
   </datafield>
   <datafield tag="653" ind2=" " ind1=" ">
      <subfield code="a">Employee motivation</subfield>
   </datafield>
   <datafield tag="653" ind2=" " ind1=" ">
      <subfield code="a">Motivación en el trabajo</subfield>
   </datafield>
   <datafield tag="653" ind2=" " ind1=" ">
      <subfield code="a">Empreses--Direcció i administració</subfield>
   </datafield>
   <datafield tag="653" ind2=" " ind1=" ">
      <subfield code="a">Dirección de empresas</subfield>
   </datafield>
   <datafield tag="653" ind2=" " ind1=" ">
      <subfield code="a">Industrial management</subfield>
   </datafield>
   <datafield tag="653" ind2=" " ind1=" ">
      <subfield code="a">Empreses--Planificació</subfield>
   </datafield>
   <datafield tag="653" ind2=" " ind1=" ">
      <subfield code="a">Business planning</subfield>
   </datafield>
   <datafield tag="653" ind2=" " ind1=" ">
      <subfield code="a">Planificación de empresas</subfield>
   </datafield>
   <datafield ind2="0" ind1="0" tag="245">
      <subfield code="a">Effective mission implementation: the three dimensions of the mission</subfield>
   </datafield>
</record></metadata></record></GetRecord></OAI-PMH>